جدید پریکٹیکل فوٹو گرافے وتھد مووی کمرہ / (Record no. 106118)

MARC details
000 -LEADER
fixed length control field 00844nam a22002417a 4500
005 - DATE AND TIME OF LATEST TRANSACTION
control field 20200120154109.0
010 ## - LCCN (DPL NO)
LC control number B-029295
020 ## - INTERNATIONAL STANDARD BOOK NUMBER
Terms of availability 95.00
035 ## - SYSTEM CONTROL NUMBER
System control number B-029295
037 ## - SOURCE OF ACQUISITION
Source of stock number/acquisition Cen Lib/Ret
082 ## - DEWEY DECIMAL CLASSIFICATION NUMBER
Classification number 770
100 ## - MAIN ENTRY--PERSONAL NAME
Personal name فرہاد علی
245 ## - TITLE STATEMENT
Title جدید پریکٹیکل فوٹو گرافے وتھد مووی کمرہ /
Statement of responsibility, etc فرہاد علی
246 ## - VARYING FORM OF TITLE
Remainder of title Jadeed Practical Photo Graphi with Movie Camera /
Title proper/short title by Farhad Ali
260 ## - PUBLICATION, DISTRIBUTION, ETC. (IMPRINT)
Place of publication, distribution, etc دہلی
Date of publication, distribution, etc 2000 ء
Name of publisher, distributor, etc رہی کتاب گھر
270 ## - ADDRESS
City دہلی
Address C-20, جیوتی کالونی، لونو روڈ شاہدرہ
Postal code 110032
300 ## - PHYSICAL DESCRIPTION
Extent 237p.
Dimensions 20cm(Hb)
650 ## - SUBJECT ADDED ENTRY--TOPICAL TERM
Topical term or geographic name as entry element فوٹو گرافی
650 ## - SUBJECT ADDED ENTRY--TOPICAL TERM
Topical term or geographic name as entry element فوٹو گرافی کی ٹیکنالوجی
650 ## - SUBJECT ADDED ENTRY--TOPICAL TERM
Topical term or geographic name as entry element Photography
650 ## - SUBJECT ADDED ENTRY--TOPICAL TERM
Topical term or geographic name as entry element Photography technique
942 ## - ADDED ENTRY ELEMENTS (KOHA)
Source of classification or shelving scheme Dewey Decimal Classification
Item type Urdu Bks
Classification part 770
Call number suffix ف ر ہ
Holdings
Withdrawn status Lost status Not for loan Home library Current library Date acquired Source of acquisition Cost, normal purchase price Full call number Barcode Copy number Cost, replacement price Koha item type
      Central Library Central Library 14/12/2015 Cen Lib/Ret 95.00 770 ف ر ہ B-029295 1 95.00 Urdu Bks

© Delhi Public Library
Hit Counter
free hit counter